Statistieken voor Jemen Trivia Quiz

Klik hier om de quiz te nemen!

Algemene statistieken

  • Deze quiz is 193 keer genomen
  • De gemiddelde score is 13 van 18

Antwoordstatistieken

HintAntwoord% Correct
Aangrenzende landenOman
99%
Aangrenzende landenSaoedi-Arabië
99%
Officiële taalArabisch
97%
Dominante religieIslam
96%
Dichtsbijzijnde Afrikaanse landDjibouti
91%
Jemen was soms het meest zuidelijke grondgebied van dit Turkse rijkOttomaanse Rijk
84%
Zee ten westen van JemenRode zee
81%
HoofdstadSanaa
80%
Bijna de gehele Joodse bevolking van Jemen vluchtte naar dit land in
"Operatie Magic Carpet"
Israël
76%
Grootste kuststad, of de golf waar deze stad aan ligtAden
66%
Noem een van de twee landen die in 1990 samen Jemen vormdenNoord-Jemen /
Zuid-Jemen
64%
Jemen heeft dit in 1962 afgeschaft, maar het wordt nog steeds beoefendSlavernij
61%
Bladplant die wordt gekauwd als stimulerend middelQat
50%
Grootste eilandSocotra
50%
Zeer populaire drank, die waarschijnlijk uit Jemen komtKoffie
48%
Net als veel andere landen heeft Jemen een bevolking van deze nomadische, woestijnbewonende stammenBedoeïenen
47%
Sjiitische rebellengroep die het westen van het land regeert (begint met H)Houthi's
38%
Bekende bomen op het eiland hierboven{Draken}boom
34%

Scoreverdeling

Percentiel versus Aantal Correcte Antwoorden

Procent van Mensen met Elke Score

Uw Scoregeschiedenis

U heeft deze quiz nog niet genomen